[Event "Ceske Budejovice op"]
[Site "Ceske Budejovice"]
[Date "2024.07.05"]
[Round "7"]
[White "Stastna, Martina"]
[Black "Taborsky, Rostislav"]
[Result "1-0"]
[WhiteElo "1913"]
[BlackElo "2069"]
[PlyCount "127"]
[EventDate "2024.06.29"]
[EventType "swiss"]
[EventRounds "9"]
[EventCountry "CZE"]
[SourceTitle "CB28_2024"]
[SourceDate "2024.07.10"]
[SourceVersion "1"]
[SourceVersionDate "2024.07.10"]
[SourceQuality "1"]

1. e4 c5 2. Nf3 e6 3. g3 Nc6 4. Bg2 Nf6 5. e5 Ng4 6. Qe2 Qc7 7. d4 cxd4 8. Bf4 d6 9. exd6 Bxd6 10. Bxd6 Qxd6 11. 0-0 0-0 12. Rd1 e5 13. c3 Nf6 14. cxd4 e4 15. Ng5 Bg4 16. f3 Nxd4 17. Qf2 Rad8 18. Nc3 exf3 19. Nxf3 Bxf3 20. Bxf3 Nxf3+ 21. Qxf3 Qb6+ 22. Qf2 Qxf2+ 23. Kxf2 Ng4+ 24. Kg1 h5 25. h3 Ne3 26. Rxd8 Rxd8 27. Re1 Rd3 28. Kf2 Nc4 29. Ne4 f6 30. Re2 b6 31. Rc2 Ne5 32. Rc7 Rd7 33. Rc2 Kf7 34. a3 Ke6 35. Nd2 Rd3 36. Nf1 h4 37. gxh4 Rxh3 38. Rc7 a5 39. Rxg7 Rxh4 40. Rg3 Rf4+ 41. Ke2 Nc4 42. Rc3 a4 43. Nh2 b5 44. Rc2 Re4+ 45. Kd3 Kd5 46. Rf2 Re3+ 47. Kc2 Rb3 48. Kc1 Ke4 49. Ng4 f5 50. Nf6+ Ke3 51. Rxf5 Nxb2 52. Rh5 Kd4 53. Nd5 Nd3+ 54. Kc2 Rxa3 55. Nb6 Rc3+ 56. Kd2 Rb3 57. Nxa4 Nf4 58. Rh4 Rf3 59. Nb2 Rf2+ 60. Kc1 b4 61. Rh8 Rg2 62. Re8 Nd5 63. Rd8 b3 64. Nd1 1-0

[Event "Ceske Budejovice op"]
[Site "Ceske Budejovice"]
[Date "2024.07.02"]
[Round "4"]
[White "Taborsky, Rostislav"]
[Black "Plischki, Sebastian"]
[Result "0-1"]
[WhiteElo "2069"]
[BlackElo "2332"]
[PlyCount "58"]
[EventDate "2024.06.29"]
[EventType "swiss"]
[EventRounds "9"]
[EventCountry "CZE"]
[SourceTitle "CB28_2024"]
[SourceDate "2024.07.10"]
[SourceVersion "1"]
[SourceVersionDate "2024.07.10"]
[SourceQuality "1"]

1. d4 Nf6 2. c4 e6 3. Nf3 Bb4+ 4. Bd2 Qe7 5. e3 Bxd2+ 6. Qxd2 d6 7. Nc3 c6 8. 0-0-0 0-0 9. Qc2 e5 10. c5 dxc5 11. dxe5 Ng4 12. Bd3 h6 13. Ne4 Nd7 14. Nd6 Ndxe5 15. Nxe5 Nxe5 16. Qxc5 b6 17. Qc3 Bg4 18. f3 Rad8 19. Nc4 Nxd3+ 20. Rxd3 Rxd3 21. Qxd3 Rd8 22. Qc3 Be6 23. Kb1 c5 24. Rc1 Bxc4 25. Qxc4 Qxe3 26. a3 Rd2 27. Qg4 g6 28. Ka1 Kg7 29. Rc3 Qg1+ 0-1

[Event "Prague op 22nd"]
[Site "Prague"]
[Date "2024.01.07"]
[Round "4"]
[White "Ye, Fan"]
[Black "Taborsky, Rostislav"]
[Result "1/2-1/2"]
[WhiteElo "1660"]
[BlackElo "2100"]
[PlyCount "83"]
[EventDate "2024.01.05"]
[EventType "swiss"]
[EventRounds "9"]
[EventCountry "CZE"]
[SourceTitle "CB03_2024"]
[SourceDate "2024.01.17"]
[SourceVersion "1"]
[SourceVersionDate "2024.01.17"]
[SourceQuality "1"]

1. e4 c5 2. c3 e6 3. d4 d5 4. exd5 exd5 5. Nf3 Nf6 6. Bb5+ Bd7 7. Bxd7+ Nbxd7 8. 0-0 Be7 9. Bg5 0-0 10. Nbd2 Re8 11. Re1 Qb6 12. Qb3 c4 13. Qxb6 axb6 14. Ne5 Bd6 15. Nxd7 Nxd7 16. a3 f6 17. Bh4 h5 18. Bg3 Bxg3 19. hxg3 b5 20. Nf1 Nb6 21. Ne3 g6 22. Re2 Kf7 23. Rae1 f5 24. Nd1 Rxe2 25. Rxe2 Re8 26. Kf1 Rxe2 27. Kxe2 g5 28. Ke3 Ke6 29. f3 Nc8 30. f4 gxf4+ 31. Kxf4 Kf6 32. Ne3 Ne7 33. Nf1 Ng6+ 34. Kf3 Ke7 35. Ne3 Ke6 36. Nf1 h4 37. gxh4 Nxh4+ 38. Kg3 Ng6 39. Kf3 Kf7 40. Ne3 Ne7 41. g4 fxg4+ 42. Kxg4 1/2-1/2

[Event "Ricany op"]
[Site "Ricany"]
[Date "2023.08.29"]
[Round "5"]
[White "Popov, Roman4444"]
[Black "Taborsky, Rostislav"]
[Result "1-0"]
[WhiteElo "1925"]
[BlackElo "2153"]
[PlyCount "209"]
[EventDate "2023.08.26"]
[EventType "swiss"]
[EventRounds "9"]
[EventCountry "CZE"]
[SourceTitle "EXT 2024"]
[Source "ChessBase"]
[SourceDate "2023.10.10"]
[SourceVersion "1"]
[SourceVersionDate "2023.10.10"]
[SourceQuality "1"]

1. d4 e6 2. c4 f5 3. Nf3 Nf6 4. g3 d5 5. Bg2 Be7 6. 0-0 Ne4 7. b3 Nc6 8. Bf4 g5 9. Be5 Rg8 10. Ne1 Nxe5 11. dxe5 c6 12. e3 g4 13. Nd3 Qa5 14. a3 dxc4 15. bxc4 Bd7 16. Qe2 0-0-0 17. Rd1 Bf8 18. Qb2 Nc5 19. Nxc5 Qxc5 20. Nd2 Bg7 21. Qd4 Qxe5 22. Qxa7 Qb8 23. Qxb8+ Kxb8 24. Rab1 Kc7 25. Nb3 Bc8 26. Kf1 Rxd1+ 27. Rxd1 Rd8 28. Rxd8 Kxd8 29. Ke2 e5 30. Kd2 Kc7 31. Bf1 b6 32. a4 h5 33. c5 bxc5 34. Nxc5 Bf8 35. Nd3 Bd6 36. Nb2 Bb4+ 37. Kc2 Kd6 38. Bc4 e4 39. Kd1 Kc5 40. Bf7 Bc3 41. Nc4 Bf6 42. Kc2 h4 43. Nb2 h3 44. Nc4 Ba6 45. Nb2 Kb4 46. Be6 Ka3 47. Nc4+ Kxa4 48. Nd6 Bd3+ 49. Kd2 Be7 50. Nxf5 Bb4+ 51. Kd1 Ka3 52. Nd4 c5 53. Ne2 Kb2 54. Nf4 Bc2+ 55. Ke2 Kc1 56. Bc4 Bd1+ 57. Kf1 Kb2 58. Be6 Bf3 59. Nd5 Bc3 60. Kg1 Be5 61. Nb6 Be2 62. Bc4 Bd3 63. Bd5 Bc7 64. Na4+ Kc2 65. Nxc5 Bb6 66. Nxe4 Kd1 67. Nf6 Bf5 68. Be4 Bc8 69. Bc6 Ke2 70. Bb5+ Kf3 71. Bc6+ Ke2 72. Bd5 Ba5 73. Bc4+ Ke1 74. Bb5 Bb6 75. Bd7 Bxd7 76. Nxd7 Ba5 77. Ne5 Ke2 78. Nxg4 Be1 79. f4 Kf3 80. Kf1 Bd2 81. Nf2 Bxe3 82. Nxh3 Kg4 83. Ng5 Bxf4 84. gxf4 Kxf4 85. Ne6+ Kg4 86. Kg2 Kh4 87. h3 Kh5 88. Kg3 Kh6 89. Kg4 Kg6 90. Nf4+ Kh6 91. Kh4 Kg7 92. Kg5 Kh7 93. Ne6 Kg8 94. Kg6 Kh8 95. h4 Kg8 96. Nf4 Kh8 97. Kh6 Kg8 98. Ng6 Kf7 99. h5 Kg8 100. Nf4 Kf7 101. Kg5 Kg7 102. Ne6+ Kh7 103. h6 Kh8 104. Kg6 Kg8 105. Nd8 1-0

[Event "Riga Tech Rapid op"]
[Site "Riga"]
[Date "2023.08.06"]
[Round "2"]
[White "Taborsky, Rostislav"]
[Black "Tran, Thanh Tu"]
[Result "0-1"]
[WhiteElo "2153"]
[BlackElo "2413"]
[PlyCount "124"]
[EventDate "2023.08.06"]
[EventType "swiss (rapid)"]
[EventRounds "9"]
[EventCountry "LAT"]
[SourceTitle "CBM 215 Extra"]
[Source "ChessBase"]
[SourceDate "2023.09.30"]
[SourceVersion "1"]
[SourceVersionDate "2023.09.30"]
[SourceQuality "1"]

1. d4 Nf6 2. c4 Nc6 3. Nf3 e6 4. a3 d5 5. Nc3 h6 6. Bf4 g5 7. Bg3 Nh5 8. e3 Nxg3 9. hxg3 Bg7 10. Rc1 0-0 11. Qc2 a6 12. Bd3 Re8 13. 0-0 Kh8 14. Rfd1 g4 15. Nh4 Qg5 16. Ne2 Bd7 17. cxd5 exd5 18. Bf5 Rad8 19. Bxd7 Rxd7 20. Nf5 Bf6 21. Nf4 Nd8 22. b4 c6 23. Nh4 Ne6 24. Nxe6 Rxe6 25. Nf5 Re4 26. f3 gxf3 27. gxf3 Qxf5 28. fxe4 dxe4 29. Qf2 Qg6 30. Rc5 Bg5 31. Kg2 Kg7 32. Rf1 Re7 33. Rf5 f6 34. Rc5 Rd7 35. Rf5 Qf7 36. g4 Qe6 37. Kh3 Rf7 38. Qe2 Qb3 39. Qf2 Qxa3 40. d5 cxd5 41. Rxd5 Qxb4 42. Rfd1 Qb3 43. Rd7 Qxe3+ 44. Qxe3 Bxe3 45. Rxf7+ Kxf7 46. Rd7+ Ke6 47. Rxb7 Ke5 48. Rf7 a5 49. Kg2 Bd2 50. Rf8 Bb4 51. Ra8 Kf4 52. Ra6 Bc3 53. Re6 Be5 54. Ra6 Kxg4 55. Rxa5 h5 56. Ra4 f5 57. Ra8 Bf4 58. Rg8+ Bg5 59. Re8 h4 60. Rh8 e3 61. Re8 h3+ 62. Kh1 f4 0-1

[Event "Prague Summer op-A 8th"]
[Site "Prague"]
[Date "2021.08.08"]
[Round "4"]
[White "Stalmach, Richard"]
[Black "Taborsky, Rostislav"]
[Result "1-0"]
[WhiteElo "2305"]
[BlackElo "2090"]
[PlyCount "115"]
[EventDate "2021.08.06"]
[EventType "swiss"]
[EventRounds "9"]
[EventCountry "CZE"]
[SourceTitle "CBM 203 Extra"]
[Source "ChessBase"]
[SourceDate "2021.09.30"]
[SourceVersion "1"]
[SourceVersionDate "2021.09.30"]
[SourceQuality "1"]

1. d4 Nf6 2. c4 e6 3. Nf3 c5 4. d5 d6 5. Nc3 exd5 6. cxd5 g6 7. Nd2 Bg7 8. e4 0-0 9. Be2 Na6 10. 0-0 Ne8 11. Re1 Nac7 12. a4 b6 13. f4 f5 14. Bf3 Bd4+ 15. Kh1 fxe4 16. Ndxe4 a6 17. Ne2 Bg7 18. N2g3 h6 19. Qc2 b5 20. Nc3 b4 21. Nd1 Bf5 22. Nxf5 gxf5 23. Ne3 Qf6 24. Rb1 Rb8 25. b3 Qc3 26. Qe2 Qf6 27. Bb2 Qd8 28. Qd3 Bxb2 29. Rxb2 Qf6 30. Rbe2 Ng7 31. Nc4 Rbe8 32. g3 Rxe2 33. Rxe2 Re8 34. Kg2 Rxe2+ 35. Qxe2 Kf8 36. h3 Qd4 37. Nxd6 Nxd5 38. Qxa6 Ne3+ 39. Kh1 Qa1+ 40. Kh2 Qb2+ 41. Be2 c4 42. Qa8+ Ke7 43. Nc8+ Kf6 44. Qf3 Qd2 45. Nb6 Kf7 46. Nxc4 Nxc4 47. bxc4 Ne6 48. Qd3 Qb2 49. Qxf5+ Ke7 50. Qe4 Kf6 51. Kh1 b3 52. Bd3 Qc1+ 53. Kg2 Qd2+ 54. Qe2 Qxe2+ 55. Bxe2 Nc5 56. Bd1 b2 57. Bc2 Nxa4 58. g4 1-0

[Event "Prague Summer op-A 8th"]
[Site "Prague"]
[Date "2021.08.08"]
[Round "3"]
[White "Taborsky, Rostislav"]
[Black "Gimenez Menchon, Cesar"]
[Result "1-0"]
[WhiteElo "2090"]
[BlackElo "2246"]
[PlyCount "53"]
[EventDate "2021.08.06"]
[EventType "swiss"]
[EventRounds "9"]
[EventCountry "CZE"]
[SourceTitle "CBM 203 Extra"]
[Source "ChessBase"]
[SourceDate "2021.09.30"]
[SourceVersion "1"]
[SourceVersionDate "2021.09.30"]
[SourceQuality "1"]

1. e4 c6 2. d4 d5 3. exd5 cxd5 4. c4 Nf6 5. Nc3 e6 6. Nf3 Be7 7. cxd5 Nxd5 8. Bd3 Nc6 9. 0-0 Ncb4 10. Bb1 Nf6 11. Re1 0-0 12. Ne5 Bd7 13. Re3 Bc6 14. Rh3 Nbd5 15. Bg5 g6 16. Bc2 Nxc3 17. bxc3 Qd5 18. f3 Qa5 19. Qd2 Rfd8 20. Re1 Qa3 21. Nxf7 Kxf7 22. Bxf6 Bxf6 23. Rxh7+ Kg8 24. Qh6 Be8 25. Rxe6 Qf8 26. Rxe8 Qxe8 27. Bb3+ 1-0

[Event "Pardubice Czech op-A 32nd"]
[Site "Pardubice"]
[Date "2021.07.28"]
[Round "6"]
[White "Taborsky, Rostislav"]
[Black "Pniaczek, Marek"]
[Result "1/2-1/2"]
[WhiteElo "2090"]
[BlackElo "2250"]
[PlyCount "102"]
[EventDate "2021.07.23"]
[EventType "swiss"]
[EventRounds "9"]
[EventCountry "CZE"]
[SourceTitle "CBM 203 Extra"]
[Source "ChessBase"]
[SourceDate "2021.09.30"]
[SourceVersion "1"]
[SourceVersionDate "2021.09.30"]
[SourceQuality "1"]

1. d4 Nf6 2. c4 e6 3. Nc3 Bb4 4. e3 d5 5. a3 Bxc3+ 6. bxc3 c6 7. a4 0-0 8. Nf3 b6 9. Bd3 Ba6 10. Ba3 Re8 11. Ne5 Qc8 12. 0-0 Nbd7 13. Nxd7 Nxd7 14. Qb3 c5 15. Rfc1 Qc7 16. Bf1 dxc4 17. Bxc4 Bxc4 18. Qxc4 Rac8 19. Qa6 e5 20. a5 Re6 21. axb6 axb6 22. Qb5 h6 23. d5 Ree8 24. c4 Nf6 25. f3 Ra8 26. Bb2 Rec8 27. Qb3 Ne8 28. Qc3 f6 29. e4 Nd6 30. g3 Qb7 31. Qc2 Rxa1 32. Rxa1 Ra8 33. Ra4 Ra6 34. f4 Qa7 35. Rxa6 Qxa6 36. fxe5 fxe5 37. Bxe5 Qxc4 38. Qd1 Nf7 39. Bc7 Qxe4 40. Bxb6 Ng5 41. Bxc5 Nh3+ 42. Kf1 Qh1+ 43. Ke2 Qxh2+ 44. Kf3 Ng5+ 45. Kf4 Qb2 46. Qd4 Qc2 47. Be7 Qc1+ 48. Kg4 Qc8+ 49. Kf4 Qc1+ 50. Kg4 Qc8+ 51. Kf4 Qc1+ 1/2-1/2

[Event "Marshall CC-ch 104th"]
[Site "Chess.com INT"]
[Date "2020.12.19"]
[Round "2"]
[White "Taborsky, Rostislav"]
[Black "Katz, Stewart"]
[Result "0-1"]
[WhiteElo "2090"]
[BlackElo "1684"]
[PlyCount "72"]
[EventDate "2020.12.19"]
[EventType "swiss"]
[EventRounds "9"]
[EventCountry "USA"]
[SourceTitle "CBM 200 Extra"]
[Source "ChessBase"]
[SourceDate "2021.03.31"]
[SourceVersion "1"]
[SourceVersionDate "2021.03.31"]
[SourceQuality "1"]

1. d4 d5 2. c4 c6 3. Nc3 Nf6 4. cxd5 cxd5 5. Bf4 a6 6. e3 Nc6 7. Rc1 e6 8. Bd3 Bd6 9. Bxd6 Qxd6 10. f4 b5 11. Nf3 Bb7 12. Ne5 Rc8 13. 0-0 Ne7 14. Qf3 0-0 15. g4 b4 16. g5 bxc3 17. gxf6 Nf5 18. bxc3 g6 19. Qh3 h5 20. Rc2 Rc7 21. Kh1 Qd8 22. Bxf5 exf5 23. Qh4 Kh7 24. Rg1 Rg8 25. Rcg2 Qf8 26. Rg5 Qh6 27. Rb1 Bc8 28. Qe1 Qf8 29. Rb8 Qd8 30. Qh4 Qf8 31. Qe1 Qd8 32. Qh4 Kh6 33. Rb3 a5 34. Rg1 a4 35. Rb8 Qd6 36. Rgb1 Kh7 0-1

[Event "CZE-chT2A 1920"]
[Site "Czech Republic"]
[Date "2020.01.26"]
[Round "7.3"]
[White "Taborsky, Rostislav"]
[Black "Plesek, Jiri"]
[Result "1-0"]
[WhiteElo "2118"]
[BlackElo "2074"]
[PlyCount "23"]
[EventDate "2019.10.13"]
[EventType "team-tourn"]
[EventRounds "11"]
[EventCountry "CZE"]
[SourceTitle "EXT 2024"]
[Source "ChessBase"]
[SourceDate "2023.10.10"]
[SourceVersion "1"]
[SourceVersionDate "2023.10.10"]
[SourceQuality "1"]
[WhiteTeam "Domazlice"]
[BlackTeam "Pankrac II"]
[WhiteTeamCountry "CZE"]
[BlackTeamCountry "CZE"]

1. d4 d5 2. c4 dxc4 3. e3 e5 4. Bxc4 exd4 5. exd4 Bd6 6. Nf3 Nf6 7. 0-0 0-0 8. h3 Nc6 9. Nc3 h6 10. Qc2 Re8 11. a3 Nh5 12. Qg6 1-0

[Event "Quebec-ch op"]
[Site "Montreal"]
[Date "2016.07.24"]
[Round "3"]
[White "Dube, Daniel"]
[Black "Taborsky, Rostislav"]
[Result "0-1"]
[WhiteElo "1678"]
[BlackElo "2180"]
[PlyCount "86"]
[EventDate "2016.07.23"]
[EventType "swiss"]
[EventRounds "8"]
[EventCountry "CAN"]
[SourceTitle "CBM 173 Extra"]
[Source "ChessBase"]
[SourceDate "2016.08.29"]
[SourceVersion "1"]
[SourceVersionDate "2016.08.29"]
[SourceQuality "1"]

1. d4 Nf6 2. c4 e6 3. Nf3 c5 4. d5 d6 5. Nc3 exd5 6. cxd5 g6 7. Bf4 a6 8. e4 b5 9. Qe2 Be7 10. Qc2 0-0 11. Be2 Bg4 12. 0-0 Nbd7 13. a4 b4 14. Nd1 b3 15. Qb1 Re8 16. h3 Bxf3 17. Bxf3 Rb8 18. Nc3 Bf8 19. Re1 Rb4 20. Qd3 Qa8 21. Bh2 Ne5 22. Bxe5 Rxe5 23. Be2 Nxe4 24. Qxa6 Qxa6 25. Bxa6 Nxc3 26. Rxe5 dxe5 27. bxc3 b2 28. Rb1 Rxa4 29. Bd3 c4 30. Bc2 Ra2 31. Kf1 f5 32. Ke2 Kf7 33. Rd1 b1Q 34. Rxb1 Rxc2+ 35. Ke1 Rxc3 36. Rb7+ Kf6 37. Rb6+ Kg5 38. d6 Rd3 39. Rc6 Bxd6 40. Rxc4 e4 41. Ke2 Kf6 42. f3 Ke5 43. g4 Rxf3 0-1

[Event "Klatovy op 22nd"]
[Site "Klatovy"]
[Date "2016.07.08"]
[Round "7"]
[White "Taborsky, Rostislav"]
[Black "Zeman, Matyas"]
[Result "1/2-1/2"]
[WhiteElo "2180"]
[BlackElo "2056"]
[PlyCount "205"]
[EventDate "2016.07.02"]
[EventType "swiss"]
[EventRounds "9"]
[EventCountry "CZE"]
[SourceTitle "CBM 173 Extra"]
[Source "ChessBase"]
[SourceDate "2016.08.29"]
[SourceVersion "1"]
[SourceVersionDate "2016.08.29"]
[SourceQuality "1"]

1. d4 d5 2. c4 e6 3. Nf3 c6 4. g3 Nf6 5. Bg2 Nbd7 6. 0-0 Bd6 7. Nc3 0-0 8. Nd2 h6 9. e4 dxe4 10. Ndxe4 Nxe4 11. Nxe4 Nf6 12. Nxd6 Qxd6 13. Bf4 Qb4 14. Qe2 Re8 15. a3 Qb6 16. Be5 Nd7 17. c5 Qd8 18. b4 Nf6 19. Rfe1 Nd5 20. h4 Ne7 21. Rad1 f6 22. Bf4 Nd5 23. Bd2 Bd7 24. Qh5 Re7 25. Re4 Be8 26. Qe2 Bd7 27. Re1 Qe8 28. Bh3 Qf7 29. Bxe6 Bxe6 30. Rxe6 Rxe6 31. Qxe6 Qxe6 32. Rxe6 Kf7 33. Rd6 Ke7 34. Kg2 Rd8 35. Rxd8 Kxd8 36. g4 Ke7 37. Kf3 Ke6 38. Ke4 g5 39. h5 a6 40. f4 Ne7 41. fxg5 fxg5 42. Be1 Ng8 43. Bg3 Nf6+ 44. Kf3 Kd5 45. Be5 Ng8 46. Ke3 Ne7 47. Bg7 Ng8 48. Kd3 Ke6 49. Kc4 Kf7 50. Bh8 Ke6 51. a4 Ne7 52. Bg7 Ng8 53. d5+ cxd5+ 54. Kd4 Kf7 55. Be5 Ne7 56. b5 axb5 57. axb5 Ke6 58. Bg7 Ng8 59. Bh8 Ne7 60. Be5 Nc8 61. Bg7 Na7 62. Bxh6 Nxb5+ 63. Kd3 Kf6 64. Bf8 Kf7 65. Bd6 Kf6 66. Bg3 Kf7 67. Be5 Na7 68. Bb2 Nc6 69. Bc3 Na7 70. Bd2 Nc6 71. Bxg5 Ne5+ 72. Ke3 Nxg4+ 73. Kd4 Nf2 74. Kxd5 Nd3 75. Be3 Kg7 76. Kc4 Ne5+ 77. Kb5 Nd3 78. Bd2 Kh7 79. Kc4 Ne5+ 80. Kd5 Nd3 81. Kd4 Nf2 82. Bg5 Kg7 83. Ke3 Ng4+ 84. Kf3 Ne5+ 85. Ke4 Nc6 86. Bd2 Kh7 87. Kd5 Nb8 88. Bg5 Kg7 89. Bf4 Nc6 90. Be3 Kh7 91. Bf4 Nb4+ 92. Kc4 Nc6 93. Kb5 Nd4+ 94. Kb6 Ne6 95. Be3 Kg7 96. Kb5 Kh7 97. Kc4 Nc7 98. Bf4 Ne6 99. Bd2 Nc7 100. Be3 Kg7 101. Bf4 Ne6 102. Be5+ Kh6 103. Kd5 1/2-1/2

[Event "Klatovy op 22nd"]
[Site "Klatovy"]
[Date "2016.07.05"]
[Round "4"]
[White "Taborsky, Rostislav"]
[Black "Hausner, Ivan"]
[Result "1/2-1/2"]
[WhiteElo "2180"]
[BlackElo "2345"]
[PlyCount "44"]
[EventDate "2016.07.02"]
[EventType "swiss"]
[EventRounds "9"]
[EventCountry "CZE"]
[SourceTitle "CBM 173 Extra"]
[Source "ChessBase"]
[SourceDate "2016.08.29"]
[SourceVersion "1"]
[SourceVersionDate "2016.08.29"]
[SourceQuality "1"]

1. d4 d6 2. Nf3 Nf6 3. c4 g6 4. Nc3 Bg7 5. Bg5 h6 6. Bh4 g5 7. Bg3 Nh5 8. e3 c5 9. d5 Nd7 10. Qc2 a6 11. a4 Qa5 12. Ra3 Nxg3 13. hxg3 Ne5 14. Nd2 Bd7 15. Nb3 Qc7 16. a5 b6 17. axb6 Qxb6 18. Na5 Rb8 19. Rb3 Qc7 20. Ra3 Qb6 21. Rb3 Qc7 22. Rxb8+ Qxb8 1/2-1/2

[Event "Klatovy op 22nd"]
[Site "Klatovy"]
[Date "2016.07.03"]
[Round "2"]
[White "Van Kempen, Roderick"]
[Black "Taborsky, Rostislav"]
[Result "1/2-1/2"]
[WhiteElo "2042"]
[BlackElo "2180"]
[PlyCount "108"]
[EventDate "2016.07.02"]
[EventType "swiss"]
[EventRounds "9"]
[EventCountry "CZE"]
[SourceTitle "CBM 173 Extra"]
[Source "ChessBase"]
[SourceDate "2016.08.29"]
[SourceVersion "1"]
[SourceVersionDate "2016.08.29"]
[SourceQuality "1"]

1. e4 c5 2. Nf3 e6 3. d4 cxd4 4. Nxd4 Nc6 5. Nc3 Qc7 6. Be3 a6 7. Be2 Nf6 8. a3 b5 9. 0-0 Bb7 10. Re1 Bd6 11. g3 Be5 12. Bf3 Nxd4 13. Bxd4 0-0 14. Qd3 Rfd8 15. Rad1 Rac8 16. Bxe5 Qxe5 17. Qd6 Qc5 18. Re3 e5 19. Red3 h6 20. Bg2 Rc6 21. Qxc5 Rxc5 22. Rd6 Rdc8 23. f3 R8c7 24. Kf2 Kf8 25. Ke3 Ke7 26. Bh3 Rc4 27. Bf1 Rxc3+ 28. bxc3 Rxc3+ 29. R1d3 Rxc2 30. Rd2 Rxd2 31. Rxd2 d5 32. exd5 Nxd5+ 33. Ke4 Nf6+ 34. Kxe5 Bxf3 35. Rc2 Ba8 36. Rc7+ Nd7+ 37. Kd4 Kd6 38. Ra7 Bc6 39. Bh3 Ne5 40. Rxa6 Nf3+ 41. Ke3 Nxh2 42. Bg2 Ng4+ 43. Kf4 Ne5 44. Bxc6 Nxc6 45. Ra8 b4 46. axb4 Nxb4 47. Ra7 Nd5+ 48. Kg4 Ke6 49. Ra6+ Ke5 50. Kf3 h5 51. Ra7 Ke6 52. Ra6+ Ke5 53. Ra7 Ke6 54. Ra6+ Ke7 1/2-1/2

[Event "Edward Lasker Memorial 99th"]
[Site "New York"]
[Date "2015.12.18"]
[Round "6"]
[White "Kamsky, Gata"]
[Black "Taborsky, Rostislav"]
[Result "1-0"]
[WhiteElo "2665"]
[BlackElo "2227"]
[PlyCount "81"]
[EventDate "2015.12.11"]
[EventType "swiss"]
[EventRounds "9"]
[EventCountry "USA"]
[SourceTitle "CBM 170 Extra"]
[Source "ChessBase"]
[SourceDate "2016.02.25"]
[SourceVersion "1"]
[SourceVersionDate "2016.02.25"]
[SourceQuality "1"]

1. d4 Nf6 2. Nf3 e6 3. Bf4 c5 4. e3 Nc6 5. c3 d5 6. Nbd2 Bd6 7. Bg3 0-0 8. Bd3 b6 9. e4 Be7 10. e5 Nh5 11. Qe2 a5 12. a3 Nb8 13. Ng5 Bxg5 14. Qxh5 g6 15. Qe2 Ba6 16. Bxa6 Nxa6 17. h4 Be7 18. h5 Nc7 19. Qg4 Qd7 20. Bh4 Bxh4 21. Qxh4 Rae8 22. Nf3 Qe7 23. Qf4 cxd4 24. cxd4 g5 25. Nxg5 f6 26. Nf3 fxe5 27. Qxe5 Rf5 28. Qe3 Nb5 29. 0-0-0 Nd6 30. Ne5 Nc4 31. Nxc4 dxc4 32. Rhe1 Rd5 33. f4 Qd7 34. h6 b5 35. g4 b4 36. f5 c3 37. Qg5+ Kh8 38. fxe6 cxb2+ 39. Kb1 Qb7 40. Qf6+ Kg8 41. e7 1-0

[Event "Edward Lasker Memorial 99th"]
[Site "New York"]
[Date "2015.12.12"]
[Round "2"]
[White "Yang, Kaiqi"]
[Black "Taborsky, Rostislav"]
[Result "0-1"]
[WhiteElo "2376"]
[BlackElo "2227"]
[PlyCount "74"]
[EventDate "2015.12.11"]
[EventType "swiss"]
[EventRounds "9"]
[EventCountry "USA"]
[SourceTitle "CBM 170 Extra"]
[Source "ChessBase"]
[SourceDate "2016.02.25"]
[SourceVersion "1"]
[SourceVersionDate "2016.02.25"]
[SourceQuality "1"]

1. e4 c5 2. Nf3 e6 3. d4 cxd4 4. Nxd4 Nc6 5. Nc3 Qc7 6. Be3 a6 7. Qf3 Nf6 8. 0-0-0 Nxd4 9. Bxd4 e5 10. Be3 d6 11. h3 b5 12. g4 b4 13. Nd5 Nxd5 14. exd5 Be7 15. Qe4 a5 16. f4 exf4 17. Bd4 0-0 18. Bd3 f5 19. Qxf4 h6 20. Kb1 fxg4 21. Qe4 Bf5 22. Qe2 Bxd3 23. Qe6+ Kh7 24. Rxd3 Rae8 25. Qe4+ Kg8 26. Qe6+ Kh7 27. Qe4+ Kg8 28. Qg6 Bg5 29. hxg4 Re2 30. c3 Qe7 31. Rhd1 Bf6 32. R1d2 bxc3 33. Bxc3 Bxc3 34. Rxe2 Rf1+ 35. Kc2 Qxe2+ 36. Kxc3 Rc1+ 37. Kb3 Qc2+ 0-1